|
|
|
|
| LEADER |
00000nam0a2200000 4500 |
| 001 |
18964 |
| 005 |
20241017063202.0 |
| 035 |
|
|
|a (RuTPU)RU\TPU\book\19119
|
| 035 |
|
|
|a BOOK00019188
|
| 090 |
|
|
|a 18964
|
| 100 |
|
|
|a 20011209d1948 k y0rusy50 ca
|
| 101 |
0 |
|
|a rus
|
| 102 |
|
|
|a RU
|
| 105 |
|
|
|a y z 000zy
|
| 200 |
1 |
|
|a Педагогические сочинения
|f Л. Н. Толстой
|
| 210 |
|
|
|a Москва
|c [Б. и.]
|d 1948
|
| 215 |
|
|
|a 400 с.
|
| 600 |
|
1 |
|a Толстой
|g Лев Николаевич
|f 1829-1910
|c граф
|c русский писатель
|c член-корреспондент, почетный академик Петербургской АН
|b Л. Н.
|2 stltpui
|3 (RuTPU)RU\TPU\pers\497
|
| 606 |
1 |
|
|a Педагогика
|x История
|y СССР
|y Россия
|2 stltpush
|3 (RuTPU)RU\TPU\subj\48424
|9 67294
|
| 610 |
1 |
|
|a педагогические теории
|
| 610 |
1 |
|
|a педагогическая мысль
|
| 610 |
1 |
|
|a 19 век
|
| 675 |
|
|
|a 371
|v 3
|
| 686 |
|
|
|a Ч33(2)
|v LBC/SL-A
|2 rubbk
|
| 700 |
|
1 |
|a Толстой
|b Л. Н.
|c граф
|c русский писатель
|c член-корреспондент, почетный академик Петербургской АН
|f 1829-1910
|g Лев Николаевич
|7 ca
|8 rus
|2 stltpui
|3 (RuTPU)RU\TPU\pers\497
|9 238
|
| 801 |
|
0 |
|a RU
|b 63413507
|c 20011209
|g PSBO
|
| 801 |
|
2 |
|a RU
|b 63413507
|c 20221028
|g PSBO
|
| 942 |
|
|
|c BK
|